| 000 | 00437nam a2200169Ia 4500 | ||
|---|---|---|---|
| 008 | 221030s9999 xx 000 0 und d | ||
| 020 | _a8129700654 | ||
| 041 | _aEnglish | ||
| 082 |
_a105.23 _bCad |
||
| 100 | _aR. Cadenhead | ||
| 245 | 0 |
_aSams Teach Yourself Java TM 2 In 21 Days _cby R. Cadenhead, L. Lemay |
|
| 260 |
_bPearson Education _aDelhi _c2003 |
||
| 300 | _a859 | ||
| 650 | _aComputers | ||
| 700 | _aL. Lemay | ||
| 942 | _cBK | ||
| 999 |
_c1883 _d1883 |
||